Survivors who found a Hidden Immunity Idol - Statistics

General Stats
  • This quiz has been taken 66 times
  • The average score is 89 of 150
Answer Stats
Hint Answer % Correct
Cook Islands Yul Kwon
88%
James Clement
85%
Micronesia | South Pacific Ozzy Lusth
83%
Parvati Shallow
83%
Rob Mariano
83%
Panama Terry Deitz
83%
Amanda Kimmel
80%
Earl Cole
80%
Samoa Russell Hantz
80%
Tony Vlachos
80%
JT Thomas
78%
Kellee Kim
78%
Kim Spradlin
78%
Kim Spradlin-Wolfe
78%
Natalie Anderson
78%
Ben Driebergen
75%
Jon Misch
75%
Kyle Jason
75%
Chris Noble
73%
Chris underwood
73%
Drea Wheeler
73%
Jason Siska
73%
Malcolm Freberg
73%
Sandra Diaz-Twine
73%
Blood vs. Water Tyson Apostol
73%
Survivor 43 Mike Gabler
70%
Mike Holloway
70%
Mike Turner
70%
Mike Zahalsky
70%
Heroes vs. Healers vs. Hustlers Ryan Ulrich
70%
China Todd Herzog
70%
Heroes vs. Villains Tom Westman
70%
Fiji Yau-Man Chan
70%
Coach Wade
68%
Spencer Bledsoe
68%
Gabon Sugar Kiper
68%
Tony Vlachos
68%
Troyzan Robertson
68%
Wendell Holland
68%
Adam Klein
65%
Erik Cardona
65%
Erik Reichenbach
65%
Guatemala Gary Hogeboom
65%
Cambodia Kelley Wentworth
65%
Abi-Maria Gomez
63%
Denise Stapley
63%
Ghost Island Domenick Abbate
63%
Hunter McNight
63%
Jeremy Collins
63%
Kaoh Rong Tai Trang
63%
Taj Johnson-George
63%
Tocantins Brendan Synnott
60%
Redemption Island Kristina Kell
60%
Carson Garrett
58%
Millennials vs. Gen X David Wright
58%
Philippines Jonathan Penner
58%
Randy Bailey
58%
Rick Devens
58%
Survivor 46 Tiffany Nicole Ervin
58%
Venus Vafa
58%
Worlds Apart Carolyn Rivera
55%
Carolyn Wiger
55%
Jay Starrett
55%
Joe Mena
55%
San Juan del Sur John Rocker
55%
Keith Nale
55%
Lauren Beck
55%
Edge of Extinction Lauren O'Connell
55%
Lauren Rimmer
55%
Mookie Lee
55%
Angelina Keeley
53%
Aubry Bracco
53%
Survivor 45 Austin Li Coon
50%
David vs. Goliath Christian Hubicki
50%
Dean Kowalski
50%
LJ McKanas
50%
Sophie Clark
50%
Survivor 44 Brandon Cottom
48%
Maryanne Oketch
48%
Michael Yerger
48%
Nick Wilson
48%
One World Sabrina Thompson
45%
Jem Hussain-Adams
43%
Jenn Brown
43%
Ralph Kiser
43%
Caramoan Reynold Toepfer
43%
Shan Smith
40%
Cody Assenmacher
38%
Nicaragua Marty Piombo
38%
NaOnka Mixon
38%
Bruce Perreault
35%
Danny Massa
35%
Davie Rickenbacker
35%
Cagayan Garrett Adelstein
35%
Donathan Hurley
33%
Heidi Lagares-Greenblatt
33%
Jake O'Kane
33%
Janet Carbin
33%
Karla Cruz Godoy
33%
Survivor 41 Brad Reese
30%
Neal Gottlieb
30%
Island of the Idols Chelsea Walker
28%
Sabiyah Broderick
28%
Jaime Lynn Ruiz
25%
Jeanine Zheng
25%
Karishma Patel
25%
Elaine Stott
23%
Jamal Shipman
23%
Josh Wilder
23%
Matthew Grinstead-Mayle
23%
Naseer Muttalif
20%
Vince Moua
20%
Survivor 42 Lindsay Dolashewich
3%
No matching quizzes found
Score Distribution
Percent of People with Each Score
Percentile by Number Answered
Your Score History
You have not taken this quiz